=LDR 00000nam 2200000 4500 =001 INLIS000000000005294 =005 20251013095519 =035 ##$$a 0010-1025000349 =007 ta =008 251013###########################0#eng## =082 ##$$a 398.4 =084 ##$$a 398.4 WOO h =100 #$$a Woodward Mark R =245 1#$$a Healing And Morality A Javanese Example /$c Badan Koordinasi Keluarga Berencana Nasional =260 ##$:$b Badan Koordinasi Keluarga Berencana Nasional,$c 1985 =300 ##$$a 15 Hal : $b Ilus ; $c 21 =650 #4$$a Keluarga Berencana =856 ##$$a Perpustakaan Kemendukbangga